| 000 | 01874nam a22002657a 4500 | ||
|---|---|---|---|
| 005 | 20250314115120.0 | ||
| 008 | 250314b ||||| |||| 00| 0 eng d | ||
| 020 | _a9789394739383 | ||
| 040 | _cAL | ||
| 041 | _ahin | ||
| 082 |
_223 _a342 _bMYNC |
||
| 100 |
_aS R Myneni _9206374 |
||
| 245 | _aContract I: General Principles Ed 2 | ||
| 250 | _a2 | ||
| 260 |
_aHyderabad _bAsia Law House _c2024 |
||
| 300 |
_alii,594p. _bPB _c24x16cm. |
||
| 365 |
_2Law _a7313 _b720.00 _c₹ _d900.00 _e20% _f07-03-2025 |
||
| 520 | _aIt is latest edition on Contract - I (General Principles) with Specific Relief Act as amended by the Amendment Act of 2018 by Dr.S.R.Myneni. In this present book on General Principles and Specific Performance of the Contract is a 590 pages commentary on innumerable topics like Essentials of a Contract, Valid offer, Consideration, Capacity of the Parties, Discharge of Contracts, etc. It also contains a commentary on Specific Relief Act. Though this book is primarily meant for the students as is intended by the Author and the Publishers Asia Law House, yet it makes an easy reading for even a layman. Regarding the usefulness of the book though students find it a good companion to face the exams, the lawyers also will find it interesting, if not at a higher level, atleast from the practical point of view. Dr.Myneni has taken great pains on compiling this book as the author and authorities (case laws) quoted in the book are immense. Thus it is an inevitable book to law students for exam preparation and junior advocates of the bar for further understanding the general principles of contract. | ||
| 650 |
_aIntellectual Property Law Group _9206370 |
||
| 650 |
_aInternational Law Group _9206371 |
||
| 650 |
_aNon Law Subjects _9206372 |
||
| 650 |
_aConstitutional Law Group _9206373 |
||
| 700 |
_aMYNENI (S R) _9206375 |
||
| 942 |
_2ddc _cBK |
||
| 999 |
_c233945 _d233945 |
||